| 000 | nam a22 7a 4500 | ||
|---|---|---|---|
| 999 |
_c16171 _d16171 |
||
| 008 | 161108b xxu||||| |||| 00| 0 eng d | ||
| 020 | _a0131930079 | ||
| 050 | _aHF 5387 .V44 2006 | ||
| 100 |
_aVelasquez,Manuel G. _d2006 |
||
| 245 |
_aBusiness ethics: _bconcepts& cases. |
||
| 250 | _a6th ed | ||
| 260 |
_aNJ: _bPearson, _c2006. |
||
| 300 |
_ax,437p.:ill _bincludes bibliographiacal references and index |
||
| 650 | _aBusiness ethics. | ||
| 650 | _aBusiness ethics-case studies. | ||
| 942 |
_2lcc _cBOOKS _hHF 5387 .V44 2006 |
||